000 00727nam a2200157 i 4500
001 181016
003 ES-MaACL
005 20230906221241.0
008 121002s1835 mx |||| | spa d
110 1 _aMéxico.
_bMinisterio de Justicia y Negocios Eclesiásticos.
_9151519
245 1 0 _aMemoria del Ministerio de Justicia y negocios eclesiásticos de la república mexicana, presentada á las Cámaras del Congreso de la Unión, en cumplimiento del artículo 120 de la constitución federal, al prinicipio de sus sesiones ordinarias
_baño de 1835.
260 _aMéxico :
_b[s.n.],
_c1835 (
_fImpr. del Aguila)
300 _a71 p. ;
_c28 cm.
651 4 _aMéxico-
_xHistoria-
_z1821-1861.
_99064
852 _aES-MaACL
_jZ-2-F-4
999 _c181016
_d181016